000 00406nam a2200181Ia 4500
001 10101
005 20260306161807.0
008 260306t1999||||xx |||||||||||||| ||spa||
041 _aESP
082 _a891.733
_bT68C
100 _aTolstoi, León
_eAUT
245 0 _aCuentos escogidos texto impreso
260 _c1999
300 _a
_c
650 _aGEN
654 _aCHU
942 _cLIB
_dJUS
_fJUS
_2ddc
_n
999 _c10101
_d10101